Traité entre la France et l'Espagne (Record no. 154172)

MARC details
000 -LEADER
campo de control de longitud fija 00590nam a22001695i 4500
001 - NÚMERO DE CONTROL
campo de control 154172
003 - IDENTIFICADOR DE NÚMERO DE CONTROL
campo de control ES-MaACL
005 - FECHA Y HORA DE LA ÚLTIMA TRANSACCIÓN
campo de control 20230906205543.0
008 - DATOS DE LONGITUD FIJA--INFORMACIÓN GENERAL
campo de control de longitud fija 050823s1700 fr | |||||||| ||fre d
040 ## - FUENTE DE CATALOGACIÓN
Centro catalogador/agencia de origen CAM
Lengua de catalogación spa
Centro/agencia transcriptor CAM
245 00 - MENCIÓN DEL TÍTULO
Título Traité entre la France et l'Espagne
Resto del título : fait à Lille le 3 Decembre 1699, en éxécution de celuy de Rysvvick.
260 ## - PUBLICACIÓN, DISTRIBUCIÓN, ETC.
Lugar de publicación, distribución, etc. A Paris :
Nombre del editor, distribuidor, etc. de l'Imprimerie de Frederic Leonard ...,
Fecha de publicación, distribución, etc. 1700.
300 ## - DESCRIPCIÓN FÍSICA
Extensión 23 p. ;
Dimensiones 27 cm.
597 ## - NOTA DE DESCRIPCIÓN FÍSICA
NOTA DE DESCRIPCIÓN FÍSICA Sign.: A-C4.
597 ## - NOTA DE DESCRIPCIÓN FÍSICA
NOTA DE DESCRIPCIÓN FÍSICA Port. con escudo real xil.
852 ## - LOCALIZACIÓN
Ubicación ES-MaACL
Número de control de estantería R-1136(8)
Nota libre -- Enc. hol.
Encuadernación -- Olim: G-9998
Holdings
Estatus retirado Estado de pérdida Estado de daño No para préstamo Colección Biblioteca de origen Biblioteca actual Ubicación en estantería Fecha de adquisición Fuente de adquisición Total de préstamos Signatura topográfica completa Código de barras Visto por última vez Precio de reemplazo Tipo de ítem Koha
        Libros del s. XVIII Biblioteca del Ateneo de Madrid Biblioteca del Ateneo de Madrid Depósito 17/01/2008     R-1136(8) 1161210 23/02/2023 23/02/2023 Libro impreso antiguo